| Tag |
First Indicator |
Second Indicator |
Subfields |
| LEADER |
00000ccm a2200000 a 4500 |
| 001 |
in00001477708 |
| 005 |
20151021060736.0 |
| 008 |
720328s1964 nyusub n |
| 010 |
|
|
|a 65043959
|
| 028 |
2 |
2 |
|a AMP-9647
|b Associated Music Publishers
|
| 028 |
3 |
2 |
|a HL50488536
|b Hal Leonard Pub. Corp.
|
| 035 |
|
|
|a (OCoLC)00271526
|
| 035 |
|
|
|9 AJF7222AM
|
| 040 |
|
|
|a DLC
|c CIN
|d OCL
|d RER
|d IUG
|d OCL
|d CPL
|d TXA
|d UtOrBLW
|
| 043 |
|
|
|a n-usn--
|
| 045 |
0 |
|
|b d1959
|
| 048 |
|
|
|a oa
|
| 049 |
|
|
|a TXAM
|
| 050 |
0 |
0 |
|a M1003.P66
|b N5
|
| 090 |
|
|
|a M1003.P58
|b N58 1964
|
| 100 |
1 |
|
|a Piston, Walter,
|d 1894-1976.
|
| 240 |
1 |
0 |
|a New England sketches
|
| 245 |
1 |
0 |
|a Three New England sketches :
|b (1959) /
|c Walter Piston.
|
| 246 |
3 |
|
|a 3 New England sketches
|
| 246 |
3 |
0 |
|a New England sketches
|
| 254 |
|
|
|a Full score.
|
| 264 |
|
2 |
|a New York :
|b Associated Music Publishers ; [distributed by Hal Leonard Pub. Corp.],
|c [1964?]
|
| 300 |
|
|
|a 1 miniature score (62 pages) ;
|c 27 cm.
|
| 306 |
|
|
|a 001800
|
| 336 |
|
|
|a notated music
|b ntm
|2 rdacontent
|
| 337 |
|
|
|a unmediated
|b n
|2 rdamedia
|
| 338 |
|
|
|a volume
|b nc
|2 rdacarrier
|
| 500 |
|
|
|a For symphony orchestra.
|
| 500 |
|
|
|a "Facsimile of the composer's manuscript"--Caption.
|
| 500 |
|
|
|a Duration: 17:00-18:00.
|
| 505 |
0 |
|
|a Seaside -- Summer evening -- Mountains.
|
| 650 |
|
0 |
|a Suites (Orchestra)
|v Scores.
|
| 650 |
|
0 |
|a Music
|v Manuscripts
|v Facsimiles.
|
| 651 |
|
0 |
|a New England
|v Songs and music.
|
| 948 |
|
|
|a c:fp
|
| 999 |
|
|
|a MARS
|
| 999 |
f |
f |
|s bd309643-1555-3fea-a5c4-b361452faccb
|i 3816d34d-86ea-3d58-84e7-4645702ea259
|t 0
|
| 952 |
f |
f |
|p normal
|a Texas A&M University
|b College Station
|c Sterling C. Evans Library
|d Evans: Library Stacks
|t 0
|e M1003.P58 N58 1964
|h Library of Congress classification
|i unmediated -- volume
|m A14825367424
|
| 998 |
f |
f |
|a M1003.P58 N58 1964
|t 0
|l Evans: Library Stacks
|